000
00233nam a22001097a 4500
040
_c
SK
082
_a
448
100
_a
SOK PEAV
245
_a
Methode de francais pour la classe propedeutique
260
_a
RUA
_b
SOK
_c
2010
942
_c
FB
999
_c
8456
_d
8456